000 00931nam a2200265Ia 4500
003 OSt
005 20220923211545.0
006 a|||||r|||| 00| 0
007 ta
008 220922b |||||||| |||| 00| 0 hin d
020 _a9789383980314 (hbk)
_c995
024 _a325,784
037 _b69, 10/03/2018, Mallika Books
_cTextual
040 _aARTS
_cARTS
_bhin
041 _2hin
_ahin
082 _aO15,1A1:g, 152Q7
100 _aसिंह, अजित कुमार, ले.
_9160786
245 0 _aअंगद की आत्मकथा
246 _aAangad kī ātmakathā
260 _aनयी दिल्ली
_b शिवांक प्रकाशन
_c2017
300 _a305पृ.
_ccm.
650 _aरामायण
_9156320
942 _hO15,1A1:g, 152Q7
_cTEXL
_2CC
999 _c300775
_d300775